Normal view
MARC view
Entry Personal Name
001 - CONTROL NUMBER
- control field: 1234751
003 - CONTROL NUMBER IDENTIFIER
- control field: OSt
005 - DATE AND TIME OF LATEST TRANSACTION
- control field: 20260413145904.0
008 - FIXED-LENGTH DATA ELEMENTS
- fixed length control field: 260413|| aca||aabn | a|a d
040 ## - CATALOGING SOURCE
- Original cataloging agency: OSt
- Transcribing agency: OSt
100 ## - HEADING--PERSONAL NAME
- Personal name: Khodorkovsky, Mikhail
670 ## - SOURCE DATA FOUND
- Source citation: Work cat.: (OSt)1679928: Khodorkovsky, Mikhail, How to slay a dragon-builsinga new Russia after putin , 2023.
